Economics for builders and surveyors : principles and applications of economic decision making in developing the built environment (Record no. 87405)

MARC details
000 -LEADER
fixed length control field 00559cam a2200181 4500
008 - FIXED-LENGTH DATA ELEMENTS--GENERAL INFORMATION
fixed length control field 090401t1990 xxu||||| |||| 00| 0 eng d
020 ## - INTERNATIONAL STANDARD BOOK NUMBER
International Standard Book Number 058204295X
035 ## - SYSTEM CONTROL NUMBER
System control number (Sirsi) u16245
041 ## - LANGUAGE CODE
Language code of text/sound track or separate title eng
050 ## - LIBRARY OF CONGRESS CALL NUMBER
Classification number 330.02469
100 ## - MAIN ENTRY--PERSONAL NAME
Personal name Lavender, Stephen D
245 ## - TITLE STATEMENT
Title Economics for builders and surveyors : principles and applications of economic decision making in developing the built environment
260 ## - PUBLICATION, DISTRIBUTION, ETC.
Place of publication, distribution, etc. Harlow
Name of publisher, distributor, etc. Longman Scientific and Technical
Date of publication, distribution, etc. 1990
300 ## - PHYSICAL DESCRIPTION
Extent xvii,314p. ; 22cm.
350 ## - PRICE (NR) (BK AM CF MU VM SE) [OBSOLETE]
Price 12.5
942 ## - ADDED ENTRY ELEMENTS (KOHA)
Suppress in OPAC 0
948 ## - LOCAL PROCESSING INFORMATION (OCLC); SERIES PART DESIGNATOR (RLIN)
c (OCLC) 04/03/1997
Holdings
Withdrawn status Lost status Source of classification or shelving scheme Damaged status Not for loan Home library Current library Shelving location Date acquired Cost, normal purchase price Total Checkouts Full call number Barcode Date last seen Date last checked out Copy number Cost, replacement price Price effective from Koha item type
    Dewey Decimal Classification     London London Basement 14/09/1999 12.50 21 BASEMENT 30000357 06/08/2019 19/02/2010 1 12.50 06/08/2019 Book